Statistics for Every Lamborghini Model

Click here to take the quiz!

General Stats

  • This quiz has been taken 38 times
  • The average score is 9 of 18

Answer Stats

Years ProducedAnswer% Correct
2011-2022Aventador
91%
2017-PresentUrus
91%
2014-PresentHuracan
82%
1990-2001Diablo
79%
1974-1978Countach
73%
2001-2010Murcielago
73%
2003-2013Gallardo
64%
1966-1975Miura
61%
2023-PresentRevuelto
42%
1964-1966350 GT
33%
1965-1966400 GT
33%
1981-1988Jalpa
33%
1986-1993LM002
33%
1968-1978Espada
27%
1968-1969Islero
21%
1972-1979Urraco
18%
1976-1979Silhouette
15%
1970-1976Jamara
3%

Score Distribution

Percentile by Number Answered

Percent of People with Each Score

Your Score History

You have not taken this quiz